000 06424nam a22005177a 4500
005 20120214114628.0
010 _aB-479195-217
020 _a9788181464149
_c120.00
035 _aB-479195-217
037 _bब्लूबेरी बुक्स
082 _a
100 _aरघुनाथन, मीना
_951468
245 _aब्रह्मा की तितली /
_cमीना रघुनाथन;कविता सिंह काले द्वारा चित्रांकित;सुषमा द्वारा अनुदित
260 _aचैन्नेई
_bतूलिका पब्लिशिंग
_c2011
270 _a13 पृथ्वी ऐवन्यु, अभिरमपुरम
_bचैन्नेई
_e600018
300 _aअ.पृ.
_bसचित्र
_c25सेमी (अजिल्द)
700 _941870
_aकविता सिंह काले
700 _aसुषमा
_941871
700 _941872
942 _2ddc
_cCH
_h
_mरघुना
999 _c62710
_d62710